00586nam a2200217Ia 4500003000400000005001700004008004100021020001800062040001800080041000800098082002100106100001900127245005600146250001200202260003300214300002700247650002100274650003400295650001800329700002100347OSt20240523100442.0210716s1985 xx 000 0 und d a9781401323257 cAIMIT LIBRARY aeng a374.22 21bPAUR aPausch, Randy. aLast lecture /cBy Randy Pausch and Jeffrey Zaslow. a1st ed. aNew York :bHYPERON ,c2008. ax,206p. ;bHBc18.5 cm aThe last lecture aEnabling the dreams of others aFinal remarks aZaslow, Jeffrey.